00763nam a2200253 i 4500001000400000003000400004005001700008008004100025020002100066040000800087041000800095080001500103080000900118100003700127245006700164250004000231260005300271300002100324505002000345650005700365650003400422655001700456700003600473bgjBPK20191002090814.0 s1994 enk g f |000 0 eng d a0194313484 (pbk) cBPK0 aeng a811.111'36 a(07)1 aThomson, Audrey Jeand(1920- ). 10aA Practical English Grammar /cA. J. Thomson ; A. V. Martinet. a4th [Low-priced] ed., [11th impr.]. aOxford [etc.] :bOxford University Press,c1994. a383 pp ;c22 cm. aIncludes index. 0aEnglish languagexGrammarvProblems, exercises, etc. 4aJęzyk angielskixgramatyka. 4aPodręcznik1 aMartinet, Agnes V. d(1921- ).